The accidental cheerleader / (Record no. 6460)
[ view plain ]
| 000 -LEADER | |
|---|---|
| fixed length control field | 01025nam a22003017a 4500 |
| 001 - CONTROL NUMBER | |
| control field | 6460 |
| 003 - CONTROL NUMBER IDENTIFIER | |
| control field | FISKH |
| 005 - DATE AND TIME OF LATEST TRANSACTION | |
| control field | 20250506091050.0 |
| 008 - FIXED-LENGTH DATA ELEMENTS--GENERAL INFORMATION | |
| fixed length control field | 250506b cb ||||| |||| 00| 0 eng d |
| 020 ## - INTERNATIONAL STANDARD BOOK NUMBER | |
| International Standard Book Number | 9780439929288 |
| 040 ## - CATALOGING SOURCE | |
| Original cataloging agency | BVD |
| Transcribing agency | BVD |
| Modifying agency | OCLCQ |
| -- | IUI |
| -- | BAKER |
| -- | EHH |
| -- | BTCTA |
| -- | DLC |
| Language of cataloging | eng |
| 050 ## - LIBRARY OF CONGRESS CALL NUMBER | |
| Classification number | PZ7.M47814473 A |
| 082 ## - DEWEY DECIMAL CLASSIFICATION NUMBER | |
| Classification number | 433 |
| 100 1# - MAIN ENTRY--PERSONAL NAME | |
| Personal name | McCoy, Mimi. |
| Dates associated with a name | (1955-) |
| 245 14 - TITLE STATEMENT | |
| Title | The accidental cheerleader / |
| Statement of responsibility, etc. | by Mimi McCoy. |
| 250 ## - EDITION STATEMENT | |
| Edition statement | This edition first published in 2006 |
| 260 ## - PUBLICATION, DISTRIBUTION, ETC. | |
| Place of publication, distribution, etc. | New York : |
| Name of publisher, distributor, etc. | Scholastic, |
| Date of publication, distribution, etc. | 2006. |
| 300 ## - PHYSICAL DESCRIPTION | |
| Extent | 160 pages : |
| Dimensions | 20 cm. |
| 505 ## - FORMATTED CONTENTS NOTE | |
| Formatted contents note | R<br/> |
| 520 ## - SUMMARY, ETC. | |
| Summary, etc. | Sophie and her best friend, Kylie, are the perfect team. But when Kylie signs them both up for cheerleading tryouts, it's Sophie who lands in the spotlight -- and Kylie ends up on the sidelines.<br/> |
| 521 8# - TARGET AUDIENCE NOTE | |
| Target audience note | 670<br/> |
| Source | Lexile<br/> |
| 521 8# - TARGET AUDIENCE NOTE | |
| Target audience note | R<br/> |
| Source | Raz-Plus<br/> |
| 650 ## - SUBJECT ADDED ENTRY--TOPICAL TERM | |
| Source of heading or term | Cheerleader |
| Topical term or geographic name entry element | Accidental |
| 650 ## - SUBJECT ADDED ENTRY--TOPICAL TERM | |
| Source of heading or term | Gym |
| Topical term or geographic name entry element | Rules |
| 906 ## - LOCAL DATA ELEMENT F, LDF (RLIN) | |
| a | 7 |
| b | cbc |
| c | orignew |
| d | 4 |
| e | ncip |
| f | 20 |
| g | y-gencatlg |
| 942 ## - ADDED ENTRY ELEMENTS (KOHA) | |
| Source of classification or shelving scheme | Dewey Decimal Classification |
| Koha item type | Books |
| Suppress in OPAC | No |
| Withdrawn status | Lost status | Source of classification or shelving scheme | Damaged status | Not for loan | Collection | Home library | Current library | Shelving location | Date acquired | Total Checkouts | Full call number | Barcode | Date due | Date last seen | Date last checked out | Copy number | Price effective from | Koha item type |
|---|---|---|---|---|---|---|---|---|---|---|---|---|---|---|---|---|---|---|
| Dewey Decimal Classification | Juvenile Fiction | Footprints International School Library Network Toul Tom Poung Campus | Footprints International School Library Network Toul Tom Poung Campus | TTP Primary Orange Bookshelves | 05/06/2025 | 1 | MCC 433 PZ7.M47814473 A | 2025-1147 | 03/13/2026 | 02/27/2026 | 02/27/2026 | 1 | 05/06/2025 | Books |
